Riyasat geograpphiya aur pakistan (ریاست جغرافیہ اور پاکستان) (Record no. 31263)
[ view plain ]
| 000 -LEADER | |
|---|---|
| fixed length control field | 00352nam a2200121Ia 4500 |
| 008 - FIXED-LENGTH DATA ELEMENTS--GENERAL INFORMATION | |
| fixed length control field | 250526s9999 xx 000 0 und d |
| 082 ## - DEWEY DECIMAL CLASSIFICATION NUMBER | |
| Classification number | 954.91 HUD |
| 100 ## - MAIN ENTRY--PERSONAL NAME | |
| Personal name | Naajmul Huda |
| 245 #0 - TITLE STATEMENT | |
| Title | Riyasat geograpphiya aur pakistan (ریاست جغرافیہ اور پاکستان) |
| 260 ## - PUBLICATION, DISTRIBUTION, ETC. | |
| Place of publication, distribution, etc. | Karachi: |
| Name of publisher, distributor, etc. | Zaki & Sons, |
| Date of publication, distribution, etc. | 2004 |
| 600 ## - SUBJECT ADDED ENTRY--PERSONAL NAME | |
| Personal name | History |
| 942 ## - ADDED ENTRY ELEMENTS (KOHA) | |
| Koha item type | Gifted & Donated Books |
| Withdrawn status | Lost status | Damaged status | Not for loan | Home library | Current library | Shelving location | Date acquired | Source of acquisition | Total checkouts | Full call number | Barcode | Date last seen | Price effective from | Koha item type | Public note |
|---|---|---|---|---|---|---|---|---|---|---|---|---|---|---|---|
| UITU Library | UITU Library | Gifted Books | 05/26/2025 | Gifted by Dr. Zubair Ahmed Siddiqui | 954.91 HUD | G100 | 05/26/2025 | 05/26/2025 | Gifted & Donated Books | Gifted by Dr. Zubair Ahmed Siddiqui |

